书目信息 |
| 题名: |
燃气管道供应
|
|
| 作者: | 花景新 主编 | |
| 分册: | ||
| 出版信息: | 北京 化学工业出版社 2007.08 |
|
| 页数: | 236页 | |
| 开本: | 26cm | |
| 丛书名: | 燃气工程管理与技术丛书 | |
| 单 册: | ||
| 中图分类: | TU996 | |
| 科图分类: | ||
| 主题词: | 燃料气--ran liao qi--管道运输 , 城市--煤气--供应 | |
| 电子资源: | ||
| ISBN: | 978-7-122-00351-5 | |
| 000 | 01057nam 2200277 450 | |
| 001 | 299157 | |
| 005 | 20080527104554.71 | |
| 010 | @a978-7-122-00351-5@dCNY38.00 | |
| 100 | @a20070827d2007 em y0chiy0121 ea | |
| 101 | 0 | @achi |
| 102 | @aCN@b110000 | |
| 105 | @aa a 000yy | |
| 106 | @ar | |
| 200 | 1 | @a燃气管道供应@Aran qi guan dao gong ying@f花景新主编 |
| 210 | @a北京@c化学工业出版社@d2007.08 | |
| 215 | @a236页@c图@d26cm | |
| 225 | 2 | @a燃气工程管理与技术丛书@Aran qi gong cheng guan li yu ji shu cong shu |
| 320 | @a有书目 | |
| 330 | @a本书是《燃气工程管理与技术丛书》的一个分册,主要讲述有关燃气工业发展及管道输送技术和供应现状与发展趋势、燃气的分类与性质、燃气的长距离输送系统、城市燃气管网系统、城市管网水力计算、燃气输配管网信息化管理技术、燃气管网安全管理、燃气管道供应新技术等知识。 | |
| 410 | 0 | @12001 @a燃气工程管理与技术丛书 |
| 606 | 0 | @a燃料气@Aran liao qi@x管道运输 |
| 606 | 0 | @a城市@x煤气@x供应 |
| 690 | @aTU996@v4 | |
| 701 | 0 | @a花景新@Ahua jing xin@4主编 |
| 801 | 0 | @aCN@b@c20080527 |
| 905 | @b670536-38@dTU996@eH6471@f3 | |
| 燃气管道供应/花景新主编.-北京:化学工业出版社,2007.08 |
| 236页:图;26cm.-(燃气工程管理与技术丛书) |
| ISBN 978-7-122-00351-5:CNY38.00 |
| 本书是《燃气工程管理与技术丛书》的一个分册,主要讲述有关燃气工业发展及管道输送技术和供应现状与发展趋势、燃气的分类与性质、燃气的长距离输送系统、城市燃气管网系统、城市管网水力计算、燃气输配管网信息化管理技术、燃气管网安全管理、燃气管道供应新技术等知识。 |
| ● |
| 相关链接 |
|
|
|
正题名:燃气管道供应
索取号:TU996/H6471
 
预约/预借
| 序号 | 登录号 | 条形码 | 馆藏地/架位号 | 状态 | 备注 |
| 1 | 670536 | 206705369 | 能源与建筑环境工程学院资料室/101建筑库 98排2列2层/ [索取号:TU996/H6471] | 在馆 | |
| 2 | 670537 | 206705378 | 建筑库201/201建筑库 136排2列2层/ [索取号:TU996/H6471] | 在馆 | |
| 3 | 670538 | 206705387 | 建筑库201/201建筑库 136排2列2层/ [索取号:TU996/H6471] | 在馆 |